Countries with the most people of Dutch descent - Statistics

General Stats
  • This quiz has been taken 75 times
  • The average score is 13 of 15
Answer Stats
Answer % Correct
1 USA
100%
6 Belgium
99%
9 UK
99%
3 Canada
97%
8 France
97%
5 Germany
97%
10 Spain
94%
4 Australia
91%
7 New Zealand
84%
2 South Africa
82%
11 Denmark
78%
12 Switzerland
78%
15 Norway
76%
13 Indonesia
64%
14 Turkey
37%
No matching quizzes found
Score Distribution
Percent of People with Each Score
Percentile by Number Answered
Your Score History
You have not taken this quiz